Manual de lenguaje juridico-administrativo / Manual of legal and administrative language. (Record no. 111916)

MARC details
000 -LEADER
campo de control de longitud fija 00774cam a22002653 4500
001 - NÚMERO DE CONTROL
campo de control 93365
005 - FECHA Y HORA DE LA ÚLTIMA TRANSACCIÓN
campo de control 20230411090052.0
008 - DATOS DE LONGITUD FIJA--INFORMACIÓN GENERAL
campo de control de longitud fija 100507s2010 xx 000 0 spa d
035 ## - NÚMERO DE CONTROL DEL SISTEMA
Número de control de sistema (OCoLC)ocn613431045
040 ## - FUENTE DE CATALOGACIÓN
Centro catalogador/agencia de origen BTCTA
Lengua de catalogación eng
Centro/agencia transcriptor BTCTA
Centro/agencia modificador YDXCP
020 ## - NÚMERO INTERNACIONAL ESTÁNDAR DEL LIBRO
Número Internacional Estándar del Libro 9788498498745
020 ## - NÚMERO INTERNACIONAL ESTÁNDAR DEL LIBRO
Número Internacional Estándar del Libro 8498498740
035 ## - NÚMERO DE CONTROL DEL SISTEMA
Número de control de sistema (OCoLC)613431045
049 ## - FONDOS LOCALES (OCLC)
Biblioteca depositaria GRAL
245 00 - MENCIÓN DEL TÍTULO
Título Manual de lenguaje juridico-administrativo / Manual of legal and administrative language.
260 ## - PUBLICACIÓN, DISTRIBUCIÓN, ETC.
Nombre del editor, distribuidor, etc. Dykinson Sl
Fecha de publicación, distribución, etc. 2010.
300 ## - DESCRIPCIÓN FÍSICA
Extensión 331p.
Dimensiones cm.
720 ## - ENTRADA AGREGADA--NOMBRE NO CONTROLADO
Nombre Vivancos, Fernando Vilches
720 ## - ENTRADA AGREGADA--NOMBRE NO CONTROLADO
Nombre Gonzalez, Ramon Sarmiento
938 ## -
-- Baker and Taylor
-- BTCP
-- BK0008957447
938 ## -
-- YBP Library Services
-- YANK
-- 3285626
942 ## - ELEMENTOS DE ENTRADA SECUNDARIOS (KOHA)
Fuente del sistema de clasificación o colocación Clasificación de Library of Congress
Tipo de ítem Koha
946 ## - PROCESAMIENTO DE INFORMACIÓN LOCAL (OCLC)
a sadt
994 ## -
-- C0
-- DRFGD
Holdings
Estatus retirado Estado de pérdida Fuente del sistema de clasificación o colocación Estado de daño No para préstamo Colección Biblioteca de origen Biblioteca actual Ubicación en estantería Fecha de adquisición Código de barras Visto por última vez Copia número Tipo de ítem Koha
    Clasificación de Library of Congress     Automatización y Procesos Técnicos Biblioteca Juan Bosch Biblioteca Juan Bosch Automatización y Procesos Técnicos (1er. Piso) 11/04/2023 00000081176 17/02/2019 1